Robloxian Automatic Subway Stations - Statistics

General Stats
  • This quiz has been taken 9 times
  • The average score is 17 of 31
Answer Stats
Line Answer % Correct
1 - Yellow Forest Camp
80%
2 - Purple Forest Camp
80%
2 - Purple* Lenmarket
80%
3 - Blue Lenmarket
80%
2 - Purple Rather Street
80%
6 - Määttä Rather Street
80%
3 - Blue Transport Museum
80%
6 - Määttä Transport Museum
80%
3 - Blue Airport
60%
5 - Twiggy Airport
60%
7 - Gray Beach
60%
7 - Gray Central Railway Station
60%
8 - Nakki-Imu Central Railway Station
60%
6 - Määttä Downtown
60%
8 - Nakki-Imu Downtown
60%
8 - Nakki-Imu Downtown West
60%
1 - Yellow Greenyard
60%
2 - Purple Inner Park
60%
5 - Twiggy Inner Park
60%
5 - Twiggy Nero Avenue
60%
1 - Yellow Port
60%
3 - Blue Port
60%
4 - Light Blue Uptown / POOPOOO
60%
6 - Määttä Uptown / POOPOOO
60%
3 - Blue Roblox Street
40%
7 - Gray Roblox Street
40%
4 - Light Blue Korblox Street
20%
5 - Twiggy Numbers Street
20%
6 - Määttä* Pablito Street
20%
4 - Light Blue Laatikko Street
0%
7 - Gray Laatikko Street
0%
No matching quizzes found
Score Distribution
Percent of People with Each Score
Percentile by Number Answered
Your Score History
You have not taken this quiz